Sports Quiz

Random Sports or Football Quiz

ACC Team By Old Helmet (Slideshow) Quiz Stats

Quiz not verified by Sporcle

Challenge
Share
Tweet
Score 0/14 Timer 05:00
0 Plays Today
% Correct
Maryland Terrapins
87.2%
Boston College Eagles
85.1%
Florida State Seminoles
85.1%
Virginia Cavaliers
83%
Virginia Tech Hokies
83%
Wake Forest Demon Deacons
83%
Louisville Cardinals
81.3%
% Correct
Clemson Tigers
80.9%
Duke Blue Devils
80.9%
Pittsburgh Panthers
68.8%
NC St. Wolfpack
63.8%
UNC Tar Heels
55.3%
Georgia Tech Yellow Jackets
53.2%
Miami (FL.) Hurricanes
48.9%

You're not logged in!

Compare scores with friends on all Sporcle quizzes.
Sign Up with Email
OR
Log In

You Might Also Like...

Show Comments

Extras

Top Quizzes Today


Score Distribution

Your Account Isn't Verified!

In order to create a playlist on Sporcle, you need to verify the email address you used during registration. Go to your Sporcle Settings to finish the process.